| 000 | 00480nam a2200217Ia 4500 | ||
|---|---|---|---|
| 001 | 109781 | ||
| 003 | YMCAF | ||
| 005 | 20230512162401.0 | ||
| 008 | 100717s2003 ||||||||||||||||| ||und|d | ||
| 024 | _a109781 | ||
| 035 | _aWB768 | ||
| 040 |
_aYMCAF _beng _cIN-KoLT |
||
| 041 | _aeng | ||
| 082 |
_a005.118 _bBRA |
||
| 100 | _aBradley & Millspaugh | ||
| 245 | 0 | _aProgramming in Visual basic Net. | |
| 250 | _a4th | ||
| 260 |
_bTMH _c2003 |
||
| 300 | _a600 | ||
| 942 |
_2ddc _cBK |
||
| 999 |
_c11617 _d11617 |
||